| 000 | 00633nam a2200193Ia 4500 | ||
|---|---|---|---|
| 003 | GCL | ||
| 008 | 140319s9999 xx 000 0 ara d | ||
| 040 |
_aGCL / _cGCL |
||
| 082 | 0 | 4 |
_a415.1 _bس هـ |
| 100 | 1 | _aسامى عوض | |
| 245 | 1 | 0 |
_aابن هشام النحوى : عصرة بيئته فكرة مؤلفاته منهجة ومكانته فى النحو / _cسامى عوض |
| 260 |
_a[S.N] : _bدار طلاس للدراسات والترجمة ، _c1987 |
||
| 300 | _a368 ص | ||
| 490 | _a | ||
| 650 | 0 | 4 | _aالنحو |
| 650 | 0 | 4 | _aاللغة العربية |
| 650 | 0 | 4 | _aابن هشام النحوى |
| 942 |
_2ddc _cBK |
||
| 999 |
_c36171 _d36171 |
||